000 01050nam0a22002531 4500
001 rc\1169791
005 20041129085326.4
035 _a(NLR Aleph) 006412965
090 _a5366168
_c5366169
100 _a20041129d1980 u |0rusy50 ca
101 0 _arus
102 _aRU
105 _ay |||||||||
200 1 _aСборник задач по курсу "Экономика, организация и планирование гражданской авиации"
_eДля сред. спец. учеб. заведений ГА
210 _aМ.
_cБ. и.
_d1980
215 _a104 с.
_d21
300 _aВ надзаг.: М-во гражд. авиации, Моск. ин-т инженеров гражд. авиации, Кирсан. авиац. техн. училище гражд. авиации
320 _aБиблиогр. в конце тем
700 1 _aХодалева
_bС. Л.
_gСаяхат Латфулловна
801 0 _aRU
_bNLR
_gpsbo
801 1 _aRU
_bELAR
_2rusmarc
852 _aNLR
_j82-3/8080
942 _cBOOK
980 _aNB